1213 1293 1818 1778 1119 1143 1052 1417 1337 1162 1231 1394 1350 1465 1866 1636 1200 1557 1145 1915 1268 1760 1713 1109 1535 1287 1828 1746 1738 1029 1222 1683 1594 1441 1576 1003 1413 1165 1940 1176 1546 1241 1145 1551 1197 1487 1245 1843 1411 1579 1639 1831 1346 1177 1270 1762 1818 1190 1991 1846 1321 1608 1503 1405 1734 1902 1568 1424 1729 1201 1955 1816 1966 1736 1747 1144 1916 1634 1203 1332 1024 1309 1967 1507 1334 1694 1670 1061 1516 1593 1380 1330 1490 1714 1003 1631 1280 1619 1673 BCNSPRNW ULIB Ver.6.0+V

เปลี่ยนเป็นภาษาไทย

Change to English
 แสดงรายละเอียดบรรณานุกรม
  กลับหน้าหลัก

Brief Record : Get Marc (ISO 2709) : E-mail record : QR code < ปิดหน้าต่าง
LEADER : 00000nam 2200000uu 4500
001    13399124905
003     ULIB
008    160426s2558||||th 000 0 tha d
020    ^a9786162796326
060 04 ^aWB115^bพ865อ
100 0  ^aพูลชัย จรัสเจริญวิทยา
245 00 ^aอายุรศาสตร์ทันยุค2558 =^bUpdate In Internal Medicine 2015-Best Practice in Internal Medicine./^cพูลชัย จรัสเจริญวิทยา
250    ^aพิมพ์ครั้งที่ 1
260    ^aกรุงเทพฯ :^bภาควิชาอายุรศาสตร์ คณะแพทยศาสตร์ศิริราชพยาบาล มหาวิทยาลัยมหิดล,^c2558
300    ^a469 หน้า :^bภาพประกอบ ; ตาราง ;^c26 ซม.
505 0  ^a1. พฤติกรรมศาสตร์สุขภาพและโรคเรื้อรัง
505 0  ^a2. หลักการและคำแนะนำสำหรับการให้วัคซีนสำหรับผู้ใหญ่
505 0  ^a3. การดูแลผู้ป่วยภาวะพิษจากสารกำจัดศัตรูพืช
505 0  ^a4. อาการแสดงทางผิวหนังที่พบในโรคระบบทั่วร่างกาย
505 0  ^a5. ภาวะต่อมหมวกไตบกพร่อง
505 0  ^a6. การเสริมและทดแทนแคลเซียมและวิตามินดี
505 0  ^a7. การรักษาภาวะน้ำตาลในเลือดสูงขณะที่ผู้ป่วยรักษาภาวะไม่วิกฤตในโรงพยาบาล
505 0  ^a8. การใช้ยาต้านการแข็งตัวของเลือดชนิดรับประทานกลุ่มใหม่
505 0  ^a9. แนวคิดและการรักษามะเร็งเม็ดเลือดขาวชนิดมัยอีโลมาในปัจจุบัน
505 0  ^a10. ความเข้มข้นเม็ดเลือดแดงสูง
505 0  ^a11. ภาวะเกล็ดเลือดสูง
505 0  ^a12. การให้สารอาหารทางหลอดเลือดดำที่บ้าน
505 0  ^a13. โภชนบำบัดในผู้ป่วยภาวะวิกฤต
505 0  ^a14. การป้องกันภาวะไตวายเฉียบพลันในผู้ป่วยวิกฤต
505 0  ^a15. การรักษาโดยการลดอุณหภูมิกาย
505 0  ^a16. การรักษาภาวะช็อก
505 0  ^a17. การนอนหลับผิดปกติในช่วงหลับฝันและโรคสมองเสื่อม
505 0  ^a18. ภาวะเพ้อในผู้ป่วยสมองเสื่อมจากมวลเลวี
505 0  ^a19. ภาวะชักต่อเนื่องที่ไม่มีกล้ามเนื้อกระตุก
505 0  ^a20. การรักษาโรคมะเร็งปอดระยะลุกลาม
505 0  ^a21. กลุ่มอาการร่วมโรคหืดและปอดอุดกั้นเรื้อรัง
505 0  ^a22. ภาวะลิ่มเลือดอุดตันหลอดเลือดแดงปอดเฉียบพลัน
505 0  ^a23. โรคปอดอุดกั้นเรื้อรัง
505 0  ^a24. ความเคร่งครัดในการใช้ยาต้านเชื้อราอย่างสมเหตุผล
505 0  ^a25. การรักษาการติดเชื้อแบคทีเรียแกรมลบที่ดื้อต่อยาต้านจุลชีพหลายขนาน
505 0  ^a26. การตรวจพบโปรตีนในปัสสาวะ
505 0  ^a27. ปัสสาวะเป็นเลือด
505 0  ^a28. ภาวะโกลเมอรูลัสอักเสบที่มีการทำงานของไตลดลงอย่างรวดเร็ว
505 0  ^a29. ภาวะหลอดเลือดหัวใจตีบฉับพลันแบบคลื่นไฟฟ้าหัวใจไม่พบการยกขึ้นของ
505 0  ^a ST segment Non-ST elevation acute coronary syndrome
505 0  ^a30. ภาวะหัวใจเต้นผิดจังหวะคุกคามชีวิต
505 0  ^a31. ภาวะความดันหลอดเลือดปอดสูง
505 0  ^a32. ภาวะความดันโลหิตสูงในหญิงตั้งครรภ์
505 0  ^a33. โรคเนื้อเยื่ออ่อนรูมาติสซั่มที่พบบ่อยในเวชปฏิบัติ
505 0  ^a34. การใช้ยา proton pump inhibitors อย่างเหมาะสม
505 0  ^a35. โรคนิ่วในถุงน้ำดี
505 0  ^a36. ตับแข็ง
650  7 ^aอายุรศาสตร์
700 0  ^aวันรัชดา คัชมาตย์
700 0  ^aณสิกาญจน์ อังคเศกวินัย
700 0  ^aไกรวิพร เกียรติสุนทร
945    ^p390^l0^i23526
945    ^p390^l0^i23527
945    ^p390^l0^i23528
999    ^aทศพร เกษรทอง
รายการนี้ยังไม่มีแท็ก
คุณยังไม่ได้ล็อกอิน คุณสามารถมีกิจกรรมร่วมกับเว็บไซต์ได้ แต่ต้องล็อกอินก่อน ::
  ล็อกอิน

รายการสื่อสารสนเทศ

ลำดับที่ ประเภท เลขเรียก/บาร์โค้ด สถานที่ สถานะ
1. วิทยาศาสตร์การแพทย์ และสุขภาพ
หนังสือสำรอง
สถานะ=หนังสือสำรอง
WB115 พ865อ ฉ.1 
  Barcode: 23526
ห้องสมุดวิทยาเขตนครสวรรค์
►ส่วนจัดเก็บหนังสือเก่า นว.
บนชั้น
  ขอยืม
2. วิทยาศาสตร์การแพทย์ และสุขภาพ
วิทยาศาสตร์การแพทย์ และสุขภาพ
WB115 พ865อ ฉ.2 
  Barcode: 23527
ห้องสมุดวิทยาเขตนครสวรรค์
►ส่วนจัดเก็บหนังสือเก่า นว.
บนชั้น
  ขอยืม
3. วิทยาศาสตร์การแพทย์ และสุขภาพ
วิทยาศาสตร์การแพทย์ และสุขภาพ
WB115 พ865อ ฉ.3 
  Barcode: 23528
ห้องสมุดวิทยาเขตนครสวรรค์
►หนังสือทั่วไป:l:General Books
บนชั้น

รายการใกล้เคียง
    ผู้แต่ง [พูลชัย จรัสเจริญวิทยา]

    หัวเรื่อง [อายุรศาสตร์]

BibComment


ยังไม่เคยถูกคอมเมนท์

คอมเมนท์ทรัพยากรรายการนี้
  คอมเมนท์: อายุรศาสตร์ทันยุ..


 Copyright 2026. Bcnsprnw @Library